Coplas a la natividad de Nuestro Señor Jesuchristo / (Record no. 111266)

MARC details
000 -LEADER
campo de control de longitud fija 00464nam a2200157 4500
001 - NÚMERO DE CONTROL
campo de control 111266
003 - IDENTIFICADOR DE NÚMERO DE CONTROL
campo de control ES-MaACL
005 - FECHA Y HORA DE LA ÚLTIMA TRANSACCIÓN
campo de control 20230906185255.0
007 - CAMPO FIJO DE DESCRIPCIÓN FÍSICA--INFORMACIÓN GENERAL
campo de control de longitud fija t|
008 - DATOS DE LONGITUD FIJA--INFORMACIÓN GENERAL
campo de control de longitud fija 061121s1950 sp r ||||1| spa d
100 1# - ENTRADA PRINCIPAL--NOMBRE DE PERSONA
Nombre de persona Oliva, Enrique de.
9 (RLIN) 86727
245 10 - MENCIÓN DEL TÍTULO
Título Coplas a la natividad de Nuestro Señor Jesuchristo /
Mención de responsabilidad, etc. Enrique de Oliva.
260 ## - PUBLICACIÓN, DISTRIBUCIÓN, ETC.
Lugar de publicación, distribución, etc. [ s.l. :
Nombre del editor, distribuidor, etc. Antonio Pérez y Gómez,
Fecha de publicación, distribución, etc. 1950]
300 ## - DESCRIPCIÓN FÍSICA
Extensión 4 h. ;
Dimensiones 25 cm.
852 ## - LOCALIZACIÓN
Ubicación ES-MaACL
Número de control de estantería 1941-F-16
Sublocalización o colección R.31362
Holdings
Estatus retirado Estado de pérdida Estado de daño No para préstamo Colección Biblioteca de origen Biblioteca actual Ubicación en estantería Fecha de adquisición Fuente de adquisición Total de préstamos Signatura topográfica completa Código de barras Visto por última vez Precio de reemplazo Tipo de ítem Koha
        Colección de folletos Biblioteca del Ateneo de Madrid Biblioteca del Ateneo de Madrid Depósito folletos 17/01/2008     1941-F-16 1116085 23/02/2023 23/02/2023 Folleto